| 000 | 00571nam a2200133Ia 4500 | ||
|---|---|---|---|
| 008 | 220620s9999||||xx |||||||||||||| ||und|| | ||
| 100 | _aHuadong, Guo | ||
| 245 | 0 |
_aAtlas of Remote Sensing of the Wenchuan Earthquake _bCas- Project Team of Remote Sensing for Wenchuan Earthquake |
|
| 546 | _aEnglish[eng] | ||
| 650 | _aAtlas||Earthquake||Remote||Sensing||Wenchuan | ||
| 700 | _aBritton, Irma | ||
| 856 | _uhttps://library.oapen.org/bitstream/20.500.12657/40124/1/9781439816745.pdf||https://library.oapen.org/bitstream/20.500.12657/40124/1/9781439816745.pdf | ||
| 942 | _cEB | ||
| 999 |
_c23404 _d23404 |
||